Statistiques concernant Quiz sur le Soudan

Cliquez ici pour prendre le quiz!

Statistiques générales

  • Ce quiz a été pris 4 379 fois
  • Le résultat moyen est 15 sur 21

Statistiques - réponses

QuestionRéponse% Correct
Pays frontaliersÉgypte
96%
Religion la plus pratiquéeIslam
95%
Pays frontaliersSoudan du Sud
95%
Désert qui couvre la majeure
partie du Soudan
Sahara
93%
Pays frontaliersÉthiopie
92%
Pays frontaliersÉrythrée
91%
Plus long fleuveNil
91%
Pays frontaliersTchad
91%
Pays frontaliersLibye
89%
Langues officiellesArabe
87%
Mer qui borde le SoudanMer Rouge
85%
CapitaleKhartoum
80%
Langues officiellesAnglais
77%
Pays frontaliersRépublique Centrafricaine
76%
Le Soudan est le pays ayant le plus
grand nombre de ces constructions,
devant son voisin du nord
Pyramides
69%
Fleuves qui confluent
pour former celui-ci
Nil Bleu
46%
Animal dont le Soudan possède la
deuxième plus grande population
dans le monde, après la Somalie
Dromadaire
44%
Principaux affluents de celui-ciNil Blanc
43%
Région théâtre depuis 2003 d'une
guerre civile et d'un génocide
Darfour
42%
Nom désignant historiquement
le nord du Soudan
Nubie
26%
Plus grande ville côtièrePort-Soudan
18%

Distribution des résultats

Percentile par nombre de réponses

% des personnes avec chaque résultat

Votre développement - résultats

Vous n’avez pas pris ce quiz